East or West of Iraq? - Statistics

General Stats
  • This quiz has been taken 42 times
  • The average score is 3 of 10
Answer Stats
Question Answer % Correct
Israel West
100%
Afghanistan East
50%
Qatar East
50%
United Arab Emirates East
50%
Uganda West
50%
Armenia Both
0%
Ukraine Both
0%
United States Both
0%
Jordan Both
0%
Kazakhstan Both
0%
No matching quizzes found
Score Distribution
Percent of People with Each Score
Percentile by Number Answered
Your Score History
You have not taken this quiz